01003nam a2200289Ia 450000500170000000800390001702000190005610000290007524501060010425000200021030000430023049000280027365000450030165000490034665000360039565000350043170000290046670000300049594200150052526400240054033600270056433700330059133800280062404000350065208400110068799900150069820220317001047.0160825s2008 sp a g 000 0 spa a978843480980121 aEscudié, Renéd1941-10aGran-lobo-salvajecRené Escudié ; traducido por Manuel Barbadillo ; ilustrado por Patrice Douenat a36a. edición  a123 páginas bilustraciones c19 cm  aEl barco de vaporpazul142LEMBaNovela juvenil francesa ySiglo XX142LEMBaLiteratura juvenil francesa ySiglo XX142LEMBaAnimales en la literatura142LEMBaAmistad en la literatura1 aDouenat, Patrice 9650321 aBarbadillo, Manuel965033 2loccBKLIT aMadridbS. M.c2008 atextobtxt2rdacontent asin mediaciónbn2rdamedia avolumenbnc2rdacarrier aCO-BoRNBPbspaerdacCO-BoRNBP aN ESC1 c5819d5819